| 000 | 00341nam a2200121 4500 | ||
|---|---|---|---|
| 999 |
_c10506 _d10506 |
||
| 008 | 180904b ||||| |||| 00| 0 eng d | ||
| 100 |
_930836 _aChu, Krizette |
||
| 245 |
_aShould you get vaccinated?/ _cKrizette Chu |
||
| 260 |
_aPhilippines _bManila Bulletin _cc2016 |
||
| 300 | _apage C-3. | ||
| 650 | 0 |
_930837 _aImmunology. |
|
| 942 |
_2ddc _cPER |
||